[Event "BCF-chT1c 1819 (4NCL) Promotion pool"]
[Site "England"]
[Date "2019.03.17"]
[Round "8.47"]
[White "Wall, Tim"]
[Black "Jaracz, Barbara"]
[Result "1-0"]
[WhiteElo "2234"]
[BlackElo "2199"]
[PlyCount "103"]
[EventDate "2018.11.10"]
[EventType "team-tourn"]
[EventRounds "11"]
[EventCountry "ENG"]
[SourceTitle "CBM 189 Extra"]
[Source "ChessBase"]
[SourceDate "2019.06.03"]
[SourceVersion "1"]
[SourceVersionDate "2019.06.03"]
[SourceQuality "1"]
[WhiteTeam "White Rose"]
[BlackTeam "Manx Liberty"]
[WhiteTeamCountry "ENG"]
[BlackTeamCountry "ENG"]

1. e4 e5 2. Nc3 Nc6 3. Bc4 Nf6 4. d3 Bb4 5. Nge2 d5 6. exd5 Nxd5 7. 0-0 Be6 8. Bb3 0-0 9. Ne4 Be7 10. f4 exf4 11. Nxf4 Nxf4 12. Bxf4 Bxb3 13. axb3 f5 14. Nc3 Bd6 15. Ne2 a6 16. c3 Qe7 17. Qd2 Rae8 18. Rae1 Qd7 19. d4 Ne7 20. Bxd6 Qxd6 21. Nf4 Nd5 22. Nd3 g6 23. Rxe8 Rxe8 24. Re1 Rxe1+ 25. Qxe1 Nf6 26. Nc5 b6 27. Nxa6 Ne4 28. Nb4 c5 29. Nc2 Qe6 30. c4 f4 31. Qe2 g5 32. b4 cxb4 33. Nxb4 Qf5 34. Nd5 Kg7 35. Qd3 Qe6 36. Qe2 Qf5 37. Nxb6 g4 38. Nd5 f3 39. Qe3 f2+ 40. Kf1 g3 41. hxg3 Qg4 42. Nc3 Nxg3+ 43. Kxf2 Nf5 44. Qe5+ Kg6 45. Ne2 Qh4+ 46. g3 Qh2+ 47. Ke1 Qh1+ 48. Kd2 Qb7 49. Nf4+ Kg5 50. Nh3+ Kg4 51. Nf2+ Kg5 52. Ne4+ 1-0

[Event "Trzcianka Dziedzic Memorial 8th"]
[Site "Trzcianka"]
[Date "2018.10.14"]
[Round "7"]
[White "Jaracz, Barbara"]
[Black "Chojnacki, Krzysztof"]
[Result "1-0"]
[WhiteElo "2230"]
[BlackElo "2367"]
[PlyCount "157"]
[EventDate "2018.10.14"]
[EventType "swiss (rapid)"]
[EventRounds "9"]
[EventCountry "POL"]
[SourceTitle "CBM 186 Extra"]
[Source "ChessBase"]
[SourceDate "2018.08.24"]
[SourceVersion "1"]
[SourceVersionDate "2018.08.24"]
[SourceQuality "1"]

1. e4 d6 2. d4 Nf6 3. Nc3 g6 4. Nf3 Bg7 5. Bc4 Nxe4 6. Nxe4 d5 7. Bd3 dxe4 8. Bxe4 Nd7 9. 0-0 0-0 10. c3 c5 11. dxc5 Nxc5 12. Bc2 Qc7 13. Be3 b6 14. Bxc5 Qxc5 15. Be4 Rb8 16. Qe2 f5 17. Bc2 e5 18. Rad1 Kh8 19. Qe3 Qxe3 20. fxe3 Ba6 21. Rfe1 Rfd8 22. e4 f4 23. Ng5 Rxd1 24. Rxd1 h6 25. Ne6 Bf6 26. Rd7 Bc8 27. Rf7 Bxe6 28. Rxf6 Re8 29. Bb3 Bxb3 30. axb3 Kg7 31. Rd6 Re7 32. Kf2 Kf7 33. b4 Rc7 34. Ke2 h5 35. Kd3 g5 36. Rh6 Kg7 37. Re6 Rd7+ 38. Ke2 g4 39. Rxe5 Kg6 40. Rf5 Re7 41. Rxf4 Re8 42. Ke3 Rd8 43. Rf1 Rd7 44. e5 Rd5 45. Rf6+ Kg7 46. Re6 Kf7 47. Rf6+ Ke7 48. Rf5 Ke6 49. Rxh5 Rd1 50. Rg5 Rh1 51. Rxg4 Rxh2 52. Kd4 Rh1 53. Rg6+ Kd7 54. Rg7+ Ke6 55. Rxa7 Rd1+ 56. Kc4 Rd2 57. b3 Rxg2 58. Rb7 Kxe5 59. Rxb6 Rg8 60. Rc6 Rg4+ 61. Kb5 Rg3 62. Rc8 Kd6 63. Kb6 Kd7 64. Rc5 Rg6+ 65. Ka5 Kd6 66. Rc4 Rg8 67. b5 Ra8+ 68. Kb4 Rb8 69. Rc6+ Kd7 70. c4 Ra8 71. Rh6 Ra1 72. b6 Kc8 73. Kb5 Rg1 74. b4 Kb7 75. c5 Rg5 76. Rh7+ Kb8 77. Ka6 Rg8 78. c6 Ka8 79. Ra7+ 1-0

[Event "Trzcianka Dziedzic Memorial 8th"]
[Site "Trzcianka"]
[Date "2018.10.14"]
[Round "8"]
[White "Jaracz, Barbara"]
[Black "Tomczak, Jacek"]
[Result "0-1"]
[WhiteElo "2230"]
[BlackElo "2616"]
[PlyCount "38"]
[EventDate "2018.10.14"]
[EventType "swiss (rapid)"]
[EventRounds "9"]
[EventCountry "POL"]
[SourceTitle "CBM 186 Extra"]
[Source "ChessBase"]
[SourceDate "2018.08.24"]
[SourceVersion "1"]
[SourceVersionDate "2018.08.24"]
[SourceQuality "1"]

1. e4 c5 2. Nf3 d6 3. Bc4 Nc6 4. c3 Nf6 5. d3 g6 6. h3 Bg7 7. 0-0 0-0 8. Re1 e5 9. Bb3 h6 10. Be3 b6 11. d4 Bb7 12. Nbd2 exd4 13. cxd4 Re8 14. d5 Nb4 15. Bc2 Ba6 16. a3 Nd3 17. Bxd3 Bxd3 18. Bf4 Nxe4 19. Nxe4 Bxe4 0-1

[Event "POL-chT 1st League"]
[Site "Pokrzywna"]
[Date "2018.09.07"]
[Round "7.5"]
[White "Miturova, Magdalena"]
[Black "Jaracz, Barbara"]
[Result "1/2-1/2"]
[WhiteElo "2204"]
[BlackElo "2230"]
[PlyCount "88"]
[EventDate "2018.09.01"]
[EventType "team-tourn"]
[EventRounds "9"]
[EventCountry "POL"]
[SourceTitle "CBM 186 Extra"]
[Source "ChessBase"]
[SourceDate "2018.08.24"]
[SourceVersion "1"]
[SourceVersionDate "2018.08.24"]
[SourceQuality "1"]
[WhiteTeam "Lodz Okucia Budowlane"]
[BlackTeam "Znin Baszta"]
[WhiteTeamCountry "POL"]
[BlackTeamCountry "POL"]

1. e4 c5 2. Nf3 e6 3. Nc3 Nc6 4. d4 cxd4 5. Nxd4 Qc7 6. Be2 a6 7. Be3 Nf6 8. 0-0 Be7 9. f4 d6 10. Bf3 0-0 11. Qe1 Bd7 12. Kh1 Nxd4 13. Bxd4 Bc6 14. e5 Nd7 15. Bxc6 Qxc6 16. exd6 Bxd6 17. Ne4 Be7 18. Bc3 f6 19. Qe2 Rae8 20. Rae1 Nc5 21. Ng3 Na4 22. Rf3 Bd6 23. Ne4 Nxc3 24. Rxc3 Qb6 25. Rb3 Qc7 26. Nxd6 Qxd6 27. f5 exf5 28. Qxe8 Rxe8 29. Rxe8+ Kf7 30. Re1 b5 31. Rd3 Qb4 32. Rd7+ Kg6 33. Ree7 f4 34. Rxg7+ Kf5 35. h3 Qxb2 36. Rxh7 Qc1+ 37. Kh2 Qxc2 38. Rh5+ Ke6 39. Rhd5 Qxa2 40. Rd2 Qa1 41. R2d6+ Kf5 42. Rd5+ Kg6 43. h4 Qe1 44. h5+ Kh6 1/2-1/2

[Event "EU-ch rapid"]
[Site "Katowice"]
[Date "2017.12.16"]
[Round "6"]
[White "Jaracz, Barbara"]
[Black "Wiewiora, Eneasz"]
[Result "0-1"]
[WhiteElo "2245"]
[BlackElo "2320"]
[PlyCount "112"]
[EventDate "2017.12.16"]
[EventType "swiss (rapid)"]
[EventRounds "11"]
[EventCountry "POL"]
[SourceTitle "CBM 182 Extra"]
[Source "ChessBase"]
[SourceDate "2018.02.23"]
[SourceVersion "1"]
[SourceVersionDate "2018.02.23"]
[SourceQuality "1"]

1. e4 d6 2. d4 Nf6 3. Nc3 e5 4. h3 Be7 5. Nf3 Nbd7 6. Bc4 0-0 7. 0-0 a6 8. a4 b6 9. Re1 Bb7 10. Ba2 h6 11. Qd3 exd4 12. Qxd4 Nc5 13. Bf4 Ne6 14. Qd2 Nxf4 15. Qxf4 Nd7 16. Nd5 Bxd5 17. Bxd5 Rb8 18. Rad1 Bf6 19. c3 Ne5 20. Nd4 Ng6 21. Qg3 Bxd4 22. cxd4 Qg5 23. Qxg5 hxg5 24. g3 c5 25. dxc5 bxc5 26. b3 Ne5 27. Kg2 Rfe8 28. f4 gxf4 29. gxf4 Ng6 30. Kf3 a5 31. Bc4 Red8 32. Rd3 Kf8 33. Red1 Ke7 34. Kg4 Nf8 35. h4 Ne6 36. Bxe6 fxe6 37. Kf3 Rb6 38. Kg4 Rdb8 39. h5 Rc6 40. Kg5 Rb4 41. e5 d5 42. f5 Re4 43. f6+ gxf6+ 44. exf6+ Kf7 45. Rf3 Rc8 46. h6 Rg8+ 47. Kh5 Re5+ 48. Kh4 Re4+ 49. Kh5 Re5+ 50. Kh4 Rg6 51. Rdf1 Re4+ 52. Kh5 Re5+ 53. Kh4 Rxh6+ 54. Kg4 Rg6+ 55. Kh4 Re4+ 56. Kh5 Re2 0-1

[Event "EU-ch rapid"]
[Site "Katowice"]
[Date "2017.12.16"]
[Round "5"]
[White "Wieczorek, Oskar"]
[Black "Jaracz, Barbara"]
[Result "1/2-1/2"]
[WhiteElo "2463"]
[BlackElo "2245"]
[PlyCount "135"]
[EventDate "2017.12.16"]
[EventType "swiss (rapid)"]
[EventRounds "11"]
[EventCountry "POL"]
[SourceTitle "CBM 182 Extra"]
[Source "ChessBase"]
[SourceDate "2018.02.23"]
[SourceVersion "1"]
[SourceVersionDate "2018.02.23"]
[SourceQuality "1"]

1. e4 e5 2. Nf3 Nc6 3. Bb5 a6 4. Ba4 Nf6 5. 0-0 Be7 6. Re1 b5 7. Bb3 d6 8. c3 0-0 9. a4 Bg4 10. h3 Bh5 11. d3 Qd7 12. Nbd2 Na5 13. Bc2 c5 14. Nf1 c4 15. Ng3 Bg6 16. d4 Qc7 17. Nf5 Bxf5 18. exf5 Nd7 19. dxe5 Nxe5 20. Nd4 Rab8 21. axb5 axb5 22. Rxa5 Qxa5 23. f4 Bh4 24. fxe5 Bxe1 25. f6 g6 26. Qxe1 dxe5 27. Qxe5 Rfe8 28. Qg5 Qb6 29. Bf4 Rbd8 30. Be5 Rxe5 31. Qxe5 b4 32. Kh2 bxc3 33. bxc3 Qd6 34. Nf3 Qxe5+ 35. Nxe5 Rd2 36. Ba4 Rf2 37. Nxc4 Rxf6 38. Nd2 Kg7 39. c4 Rf2 40. Nf3 Ra2 41. Bc6 Rc2 42. Bd5 f5 43. Nd4 Rc1 44. Nb3 Rd1 45. Bf3 Rd3 46. Na5 Rc3 47. Kg3 Kf6 48. Kf2 g5 49. Ke2 Ke5 50. Kd2 Ra3 51. Nc6+ Kf4 52. Nb4 g4 53. hxg4 fxg4 54. Bd5 Ke5 55. c5 Ra4 56. c6 Kd6 57. Kc3 h5 58. Kc4 h4 59. Kb5 Ra1 60. Be4 h3 61. gxh3 gxh3 62. Kb6 Ra4 63. Kb5 Ra1 64. Kb6 Ra4 65. Kb5 Ra1 66. Kb6 Ra4 67. Kb5 Ra1 68. Kb6 1/2-1/2

[Event "POL-chT 1st League"]
[Site "Poronin"]
[Date "2017.09.09"]
[Round "8.5"]
[White "Miturova, Magdalena"]
[Black "Jaracz, Barbara"]
[Result "1-0"]
[WhiteElo "2188"]
[BlackElo "2244"]
[PlyCount "81"]
[EventDate "2017.09.02"]
[EventType "team-tourn"]
[EventRounds "9"]
[EventCountry "POL"]
[SourceTitle "CBM 180 Extra"]
[Source "ChessBase"]
[SourceDate "2017.10.06"]
[SourceVersion "1"]
[SourceVersionDate "2017.10.06"]
[SourceQuality "1"]
[WhiteTeam "Lodz Okucia Budowlane"]
[BlackTeam "Znin Baszta"]
[WhiteTeamCountry "POL"]
[BlackTeamCountry "POL"]

1. e4 e5 2. Nf3 Nc6 3. Bb5 a6 4. Ba4 Nf6 5. 0-0 Be7 6. Re1 b5 7. Bb3 d6 8. c3 0-0 9. h3 Na5 10. Bc2 c5 11. d4 Qc7 12. Nbd2 Bd7 13. Nf1 h6 14. Ne3 Rfe8 15. b3 cxd4 16. cxd4 Nc6 17. Bb2 Bf8 18. Rc1 Qb7 19. dxe5 Nxe5 20. Nd5 Nh7 21. Nh4 Be6 22. f4 Ng6 23. Nxg6 fxg6 24. Ne3 Rac8 25. Qd3 Bf7 26. Ng4 h5 27. Nh6+ Kh8 28. Nxf7+ Qxf7 29. Rf1 Red8 30. Qg3 Be7 31. e5 Nf8 32. f5 dxe5 33. fxg6 Qd5 34. Kh1 e4 35. Rcd1 Qg5 36. Qxg5 Bxg5 37. Bxe4 Rxd1 38. Rxd1 Re8 39. Rf1 Nd7 40. Bc6 Rf8 41. Rf7 1-0

[Event "POL-chT 1st League"]
[Site "Poronin"]
[Date "2017.09.05"]
[Round "4.4"]
[White "Jaracz, Barbara"]
[Black "Majdan, Joanna"]
[Result "1/2-1/2"]
[WhiteElo "2244"]
[BlackElo "2361"]
[PlyCount "76"]
[EventDate "2017.09.02"]
[EventType "team-tourn"]
[EventRounds "9"]
[EventCountry "POL"]
[SourceTitle "CBM 180 Extra"]
[Source "ChessBase"]
[SourceDate "2017.10.06"]
[SourceVersion "1"]
[SourceVersionDate "2017.10.06"]
[SourceQuality "1"]
[WhiteTeam "Znin Baszta"]
[BlackTeam "Pegow Wieza"]
[WhiteTeamCountry "POL"]
[BlackTeamCountry "POL"]

1. e4 c5 2. Nf3 e6 3. d4 cxd4 4. Nxd4 Nc6 5. Nc3 Qc7 6. Be2 a6 7. 0-0 Nf6 8. Be3 Bb4 9. Na4 0-0 10. Nxc6 bxc6 11. Nb6 Rb8 12. Nxc8 Rfxc8 13. Bxa6 Rf8 14. Bd3 Bd6 15. b3 Bxh2+ 16. Kh1 Be5 17. Rb1 Bf4 18. Bd4 e5 19. Bb2 Ra8 20. a3 d5 21. Qe2 dxe4 22. Bxe4 Nxe4 23. Qxe4 f5 24. Qc4+ Kh8 25. Rfe1 e4 26. Kg1 Bh2+ 27. Kf1 Be5 28. Bxe5 Qxe5 29. Kg1 Rxa3 30. Qxc6 Raa8 31. c4 h5 32. Rbd1 h4 33. Qd6 Qe8 34. Qf4 Qe7 35. Rd5 Qf6 36. Rd6 Qe7 37. Rd5 Qf6 38. Rd6 Qe7 1/2-1/2

[Event "POL-chT 1st League"]
[Site "Poronin"]
[Date "2017.09.03"]
[Round "2.3"]
[White "Jaracz, Barbara"]
[Black "Kulon, Klaudia"]
[Result "0-1"]
[WhiteElo "2244"]
[BlackElo "2346"]
[PlyCount "96"]
[EventDate "2017.09.02"]
[EventType "team-tourn"]
[EventRounds "9"]
[EventCountry "POL"]
[SourceTitle "CBM 180 Extra"]
[Source "ChessBase"]
[SourceDate "2017.10.06"]
[SourceVersion "1"]
[SourceVersionDate "2017.10.06"]
[SourceQuality "1"]
[WhiteTeam "Znin Baszta"]
[BlackTeam "Wrzos Miedzyborow"]
[WhiteTeamCountry "POL"]
[BlackTeamCountry "POL"]

1. e4 e5 2. Nf3 Nc6 3. Bb5 Nf6 4. d3 d6 5. c3 Be7 6. h3 0-0 7. 0-0 a6 8. Ba4 b5 9. Bb3 h6 10. Re1 Re8 11. Nbd2 Bf8 12. Nf1 Na5 13. Bc2 c5 14. Ng3 g6 15. d4 Qc7 16. a4 Bd7 17. d5 bxa4 18. Bxa4 Reb8 19. Bc2 c4 20. Ra2 Nb3 21. Be3 a5 22. Bxb3 cxb3 23. Ra3 a4 24. Nd2 Ne8 25. Qe2 Bg7 26. f3 f5 27. exf5 gxf5 28. Nh5 Bf8 29. f4 Qd8 30. Qf2 Nf6 31. Nxf6+ Qxf6 32. Rea1 Qd8 33. c4 e4 34. Bd4 Kh7 35. Bc3 Bg7 36. Bxg7 Kxg7 37. Qd4+ Kh7 38. Nf1 Qh4 39. Qf2 Qf6 40. Rd1 Rg8 41. Rc1 Rac8 42. Raa1 Rg7 43. Rc3 Rcg8 44. Ne3 Rg3 45. c5 Rf3 46. Qd2 dxc5 47. Rxc5 Rxe3 48. Rc7 Re1+ 0-1

[Event "BCF-chT3N 1617 (4NCL)"]
[Site "England"]
[Date "2017.03.19"]
[Round "8.24"]
[White "Staples, Maurice J"]
[Black "Jaracz, Barbara"]
[Result "0-1"]
[WhiteElo "2035"]
[BlackElo "2238"]
[PlyCount "80"]
[EventDate "2016.11.26"]
[EventType "team-swiss"]
[EventRounds "11"]
[EventCountry "ENG"]
[SourceTitle "EXT 2019"]
[Source "ChessBase"]
[SourceDate "2018.10.10"]
[SourceVersion "1"]
[SourceVersionDate "2018.10.10"]
[SourceQuality "1"]
[WhiteTeam "Hounds and Bears"]
[BlackTeam "Manx Liberty"]
[WhiteTeamCountry "ENG"]
[BlackTeamCountry "IOM"]

1. e4 e5 2. Nf3 Nc6 3. d4 exd4 4. Nxd4 Bc5 5. Be3 Qf6 6. Nb5 Bxe3 7. fxe3 Qh4+ 8. g3 Qd8 9. Qg4 g6 10. Qf4 d6 11. Bc4 Ne5 12. 0-0 Bh3 13. Bxf7+ Kd7 14. N1c3 g5 15. Qf2 Nh6 16. Bb3 Rf8 17. Qxf8 Qxf8 18. Rxf8 Rxf8 19. Nd4 a6 20. Nf5 Nxf5 21. exf5 Rxf5 22. Bd5 Ng4 23. Be4 Rf2 24. Re1 c6 25. Nd1 Rd2 26. Bf5+ Ke7 27. Bxg4 Bxg4 28. Nf2 Bf3 29. Rc1 d5 30. a4 Re2 31. b4 Rxe3 32. Nd3 Re2 33. Re1 Rxe1+ 34. Nxe1 Be4 35. Kf2 Kd6 36. Ke3 b6 37. h4 gxh4 38. gxh4 Ke5 39. c3 a5 40. bxa5 bxa5 0-1

[Event "POL-chT"]
[Site "Poland"]
[Date "2015.05.10"]
[Round "3.2"]
[White "Socko, Monika"]
[Black "Jaracz, Barbara"]
[Result "1-0"]
[WhiteElo "2467"]
[BlackElo "2246"]
[PlyCount "81"]
[EventDate "2015.05.08"]
[EventType "team-tourn"]
[EventRounds "9"]
[EventCountry "POL"]
[SourceTitle "CBM 166 Extra"]
[Source "ChessBase"]
[SourceDate "2015.06.18"]
[SourceVersion "1"]
[SourceVersionDate "2015.06.18"]
[SourceQuality "1"]
[WhiteTeam "Katowice Wasko"]
[BlackTeam "Znin Baszta"]
[WhiteTeamCountry "POL"]
[BlackTeamCountry "POL"]

1. e4 c5 2. Nf3 e6 3. g3 Nc6 4. Bg2 e5 5. 0-0 Nf6 6. Re1 Be7 7. c3 d6 8. h3 b5 9. d4 Bb7 10. d5 Nb8 11. a4 b4 12. a5 bxc3 13. bxc3 0-0 14. Nbd2 Ba6 15. c4 Bc8 16. Bb2 Na6 17. Bc3 Nb4 18. Bxb4 cxb4 19. c5 Nd7 20. c6 Nc5 21. Nb3 Qc7 22. Qc2 Rb8 23. Bf1 f5 24. Nxc5 dxc5 25. Qb3 Kh8 26. exf5 Bf6 27. Rad1 Bxf5 28. Nd2 e4 29. Nxe4 Bd4 30. Rxd4 cxd4 31. Nd2 Qd6 32. Qc4 Qf6 33. Nb3 Be4 34. Rxe4 Qxf2+ 35. Kh1 Qxg3 36. Rg4 Qf3+ 37. Bg2 Qd1+ 38. Kh2 d3 39. d6 Qe2 40. Qd4 Rf6 41. c7 1-0

[Event "POL-chT 70th"]
[Site "Gorzow Wielkopolski"]
[Date "2014.09.05"]
[Round "4.4"]
[White "Jaracz, Barbara"]
[Black "Czarnota, Dorota"]
[Result "0-1"]
[WhiteElo "2256"]
[BlackElo "2207"]
[PlyCount "72"]
[EventDate "2014.05.16"]
[EventType "team-tourn"]
[EventRounds "9"]
[EventCountry "POL"]
[SourceTitle "EXT 2015"]
[Source "ChessBase"]
[SourceDate "2014.11.20"]
[SourceVersion "1"]
[SourceVersionDate "2014.11.20"]
[SourceQuality "1"]
[WhiteTeam "Znin Baszta"]
[BlackTeam "Grudziadz Rotmistrz"]
[WhiteTeamCountry "POL"]
[BlackTeamCountry "POL"]

1. e4 c5 2. Nf3 d6 3. d4 cxd4 4. Nxd4 Nf6 5. Nc3 Nc6 6. Bg5 e6 7. Qd2 a6 8. f3 Be7 9. 0-0-0 Bd7 10. h4 h6 11. Be3 h5 12. Kb1 b5 13. Nxc6 Bxc6 14. Ne2 Rc8 15. Nd4 Bb7 16. Bd3 Qc7 17. Bg5 0-0 18. Qe2 Qc5 19. Nb3 Qc7 20. Bd2 e5 21. Rhe1 Rfe8 22. g4 hxg4 23. fxg4 d5 24. Ba5 Qb8 25. exd5 e4 26. Bxb5 axb5 27. Qxb5 Bd6 28. g5 Nh5 29. Qe2 Nf4 30. Qg4 Bxd5 31. g6 fxg6 32. Bc3 Be5 33. Rf1 Rxc3 34. bxc3 e3 35. Rxf4 Bxf4 36. Qxg6 e2 0-1

[Event "POL-chT 69th"]
[Site "Poland"]
[Date "2013.09.01"]
[Round "6.5"]
[White "Korosciel, Aneta"]
[Black "Jaracz, Barbara"]
[Result "1-0"]
[WhiteElo "2069"]
[BlackElo "2273"]
[PlyCount "93"]
[EventDate "2013.05.24"]
[EventType "team-tourn"]
[EventRounds "9"]
[EventCountry "POL"]
[SourceTitle "EXT 2014"]
[Source "ChessBase"]
[SourceDate "2013.11.20"]
[SourceVersion "1"]
[SourceVersionDate "2013.11.20"]
[SourceQuality "1"]
[WhiteTeam "Kozuchow Odrodzenie"]
[BlackTeam "Znin Baszta"]
[WhiteTeamCountry "POL"]
[BlackTeamCountry "POL"]

1. e4 c5 2. Nf3 e6 3. b3 a6 4. Bb2 Nc6 5. d4 cxd4 6. Nxd4 Qf6 7. c3 Bc5 8. Be2 Nge7 9. 0-0 0-0 10. Nxc6 Nxc6 11. Qc2 Qg6 12. Nd2 e5 13. Bc4 d6 14. Qd3 Be6 15. a4 Rad8 16. b4 Bb6 17. b5 axb5 18. axb5 Na5 19. Bd5 Bxd5 20. Qxd5 Qe6 21. Ra4 Qf6 22. Qa2 Qe6 23. Rxa5 Bxa5 24. Qxa5 d5 25. exd5 Qxd5 26. Nf3 Qb3 27. Qb4 Qxb4 28. cxb4 f6 29. g4 Rd5 30. Rc1 Rxb5 31. Rc4 Ra8 32. Kg2 Kf7 33. Bc3 Ke6 34. Rc7 Ra3 35. Be1 Rd3 36. Rxg7 e4 37. Nh4 h5 38. Ng6 Rd1 39. Nf8+ Ke5 40. Bc3+ Kd5 41. Rd7+ Kc4 42. Rxd1 Kxc3 43. Rc1+ Kd2 44. Rc5 Rxb4 45. gxh5 e3 46. fxe3 Kxe3 47. Kg3 1-0

[Event "POL-chT 69th"]
[Site "Poland"]
[Date "2013.08.30"]
[Round "4.5"]
[White "Jaracz, Barbara"]
[Black "Zawadzka, Jolanta"]
[Result "0-1"]
[WhiteElo "2273"]
[BlackElo "2383"]
[PlyCount "78"]
[EventDate "2013.05.24"]
[EventType "team-tourn"]
[EventRounds "9"]
[EventCountry "POL"]
[SourceTitle "EXT 2014"]
[Source "ChessBase"]
[SourceDate "2013.11.20"]
[SourceVersion "1"]
[SourceVersionDate "2013.11.20"]
[SourceQuality "1"]
[WhiteTeam "Znin Baszta"]
[BlackTeam "Wroclaw Polonia"]
[WhiteTeamCountry "POL"]
[BlackTeamCountry "POL"]

1. e4 e5 2. Nf3 Nc6 3. Bb5 Nf6 4. d3 Bc5 5. c3 0-0 6. 0-0 d5 7. Nbd2 Re8 8. h3 a6 9. Ba4 b5 10. Bb3 d4 11. cxd4 Nxd4 12. Nxd4 Bxd4 13. Nf3 Be6 14. Nxd4 Qxd4 15. Qc2 Bxb3 16. axb3 Re6 17. Be3 Qd7 18. b4 h6 19. Ra3 Rd8 20. Rc1 Ne8 21. Bc5 Rc6 22. Qe2 Nf6 23. Rac3 Nh7 24. d4 exd4 25. Bxd4 Rg6 26. Be5 c6 27. Bg3 Qd4 28. Qe3 Qxb4 29. Rxc6 Rxc6 30. Rxc6 Qxb2 31. Rxa6 Ng5 32. e5 Rd1+ 33. Kh2 Qb1 34. Ra8+ Kh7 35. Bf4 Ne4 36. g3 Rf1 37. Ra2 Qxa2 38. Qxe4+ g6 39. Be3 Qc4 0-1